000 00203nam a2200085Ia 4500
008 120527s9999 xx 000 0 und d
100 _aLuzzi,McKinney
245 _aNew and Old world philosophy
942 _cBK
999 _c27396
_d27396